000 00358nam a22001457a 4500
020 _qPB.
040 _cFIZZA ISHAQ
082 _a150
_bMORRIS
100 _aMORRIS,G CHARLES.
_9130471
245 _aUNDERSTANDING PSYCHOLOGY /
_cCHARLES G. MORRIS.
250 _a3rd ED.
260 _bNEW YORK;
_c1996.
_aNEW JERSEY,
300 _a348 P. ;
942 _2ddc
_cBK
999 _c614660
_d614660